Creoles and cajuns /

שמור ב:
מידע ביבליוגרפי
מחבר ראשי: Cable, George Washington, 1844-1925
פורמט: ספר
שפה:English
יצא לאור: Garden City, N.Y. : Doubleday, 1959.
סדרה:Anchor books ; A179
LEADER 00786nam a22002051 4500
001 c000359883
003 CARM
005 00000000000000.0
008 851113s1959 nyu 1 eng d
019 1 |a 9231720  |z 4135121  |5 LACONCORD2021 
035 |a (OCoLC)997232  |5 LACONCORD2021 
100 1 |a Cable, George Washington,  |d 1844-1925. 
245 1 0 |a Creoles and cajuns /  |c stories of old Louisiana. Edited by Arlin Turner. 
260 |a Garden City, N.Y. :  |b Doubleday,  |c 1959. 
490 0 |a Anchor books ;  |v A179 
500 |a Includes songs. 
852 8 |b CARM  |h A1:AL28F0  |i A05273  |p 0450018  |f BK 
082 0 4 |a 813.4 
999 f f |i 9254884f-33fb-57e8-b8b5-85ea003990fd  |s 261570b2-203b-54fe-a57b-f60932dedf1d 
952 f f |p Can circulate  |a CAVAL  |b CAVAL  |c CAVAL  |d CARM 1 Store  |e A05273  |f A1:AL28F0  |h Other scheme  |i book  |m 0450018